Sports Quiz

Random Sports or MLB Quiz

MLB Trivia Quiz Stats

 Plays Quiz not verified by Sporcle

Challenge
Share
Tweet
Embed
Score 0/10 Timer 04:00
0 Plays Today
Question Player % Correct
Who Was The Last Player To Hit .400?Ted Williams
88.5%
Who Has The 2nd Most Hits Ever?Ty Cobb
85.1%
Who Won The 2011 NL MVP Award?Ryan Braun
69%
What Year Did The Washington Nationals Become A Franchise?2005
67.8%
Who Was The Most Recent Player To Get 4000 K's?Randy Johnson
64.4%
Who Had A 3 Home Run Game In The Postseason In 2011?Adrian Beltre, Albert Pujols
62.1%
What Manager Managed The Most SeasonsConnie Mack
51.7%
Who Is The Only Player To Throw Back To Back No Hitters?Johnny Vander Meer
51.7%
Who Gave Up Derek Jeters 3000th Hit?David Price
48.3%
What Player Played The Most Seasons Ever?Nolan Ryan, Cap Anson
25.3%

You're not logged in!

Compare scores with friends on all Sporcle quizzes.
Join for Free
OR
Log In

You Might Also Like...

Show Comments

Extras

Created May 15, 2012ReportNominate
Tags:Baseball Quiz, MLB Quiz, player

Top Quizzes Today


Score Distribution

Your Account Isn't Verified!

In order to create a playlist on Sporcle, you need to verify the email address you used during registration. Go to your Sporcle Settings to finish the process.

Report this User

Report this user for behavior that violates our Community Guidelines.

Details: